|
|
|
|
| LEADER |
00000nam0a2200000 4500 |
| 001 |
259060 |
| 005 |
20231101233343.0 |
| 010 |
|
|
|a 5020065919
|
| 035 |
|
|
|a (RuTPU)RU\TPU\book\281967
|
| 090 |
|
|
|a 259060
|
| 100 |
|
|
|a 20140505d1988 k y0rusy50 ca
|
| 101 |
0 |
|
|a rus
|
| 102 |
|
|
|a RU
|
| 105 |
|
|
|a a z 001zy
|
| 200 |
1 |
|
|a Адаптивные методы обработки изображений
|e сборник научных трудов
|f Академия наук СССР (АН СССР), Институт проблем передачи информации (ИППИ) ; под ред. В. И. Сифорова, Л. П. Ярославского
|
| 210 |
|
|
|a Москва
|c Наука
|d 1988
|
| 215 |
|
|
|a 245 с.
|c ил.
|
| 320 |
|
|
|a Библиогр.: с. 241-243.
|
| 606 |
1 |
|
|a Изображения
|x Обработка на вычислительных машинах
|2 stltpush
|3 (RuTPU)RU\TPU\subj\12289
|9 39100
|
| 610 |
1 |
|
|a адаптивная обработка
|
| 610 |
1 |
|
|a методы
|
| 610 |
1 |
|
|a линейные фильтры
|
| 610 |
1 |
|
|a ранговые алгоритмы
|
| 610 |
1 |
|
|a телевизионные изображения
|
| 610 |
1 |
|
|a распознавание
|
| 610 |
1 |
|
|a оптические элементы
|
| 675 |
|
|
|a 621.397:681.3.01
|v 3
|
| 702 |
|
1 |
|a Сифоров
|b В. И.
|4 340
|
| 702 |
|
1 |
|a Ярославский
|b Л. П.
|4 340
|
| 712 |
0 |
2 |
|a Академия наук СССР (АН СССР)
|b Институт проблем передачи информации (ИППИ)
|c (Москва)
|2 stltpush
|3 (RuTPU)RU\TPU\col\12444
|
| 801 |
|
1 |
|a RU
|b 63413507
|c 20140505
|
| 801 |
|
2 |
|a RU
|b 63413507
|c 20150122
|g RCR
|
| 942 |
|
|
|c BK
|